[Event "2025 Welsh Open"]
[Site "Mercure Cardiff North Hotel, Circle Way East, Llanedeyrn, Cardiff CF23 9XF"]
[Date "2025.04.21"]
[Round "7"]
[Board "20"]
[White "Tagg, Ann"]
[Black "Blankley, Toby"]
[Result "1-0"]
[WhiteElo "1530"]
[BlackElo "1566"]
[PlyCount "95"]
[GameId "2191928277184460"]
[EventDate "2025.04.18"]
[EventRounds "7"]
[EventCountry "WLS"]

1. e4 c6 2. Nf3 d5 3. exd5 cxd5 4. d4 Nc6 5. Bb5 Bg4 6. Bf4 Qb6 7. Bxc6+ bxc6 8. Nbd2 Qxb2 9. Qb1 Qxb1+ 10. Rxb1 e6 11. O-O Nf6 12. Ne5 Bd6 13. c4 Bf5 14. Rb7 O-O 15. c5 Bxe5 16. Bxe5 Ne4 17. Nxe4 Bxe4 18. f3 Bd3 19. Rf2 f6 20. Bd6 Rfe8 21. f4 Ba6 22. Rc7 Rab8 23. h4 Rb1+ 24. Kh2 Bb5 25. Rxa7 Rd1 26. a4 Bc4 27. a5 Rxd4 28. Rb2 Bb5 29. Ra2 e5 30. fxe5 fxe5 31. a6 Rxh4+ 32. Kg3 Rf4 33. Rb7 Rf7 34. Rb8 Rxb8 35. Bxb8 Bxa6 36. Rxa6 Rf6 37. Bxe5 Re6 38. Bd6 Rg6+ 39. Kf3 Rf6+ 40. Ke3 Re6+ 41. Kf4 Rf6+ 42. Ke5 Rf1 43. Rxc6 Re1+ 44. Kxd5 Rd1+ 45. Ke6 Re1+ 46. Kd7 Rf1 47. Rc8+ Kf7 48. Rf8+ 1-0

[Event "2025 Welsh Open"]
[Site "Mercure Cardiff North Hotel, Circle Way East, Llanedeyrn, Cardiff CF23 9XF"]
[Date "2025.04.21"]
[Round "7"]
[Board "21"]
[White "Williams, John A"]
[Black "Watkins, Peter"]
[Result "1/2-1/2"]
[WhiteElo "1644"]
[BlackElo "1682"]
[PlyCount "101"]
[GameId "2191928277184461"]
[EventDate "2025.04.18"]
[EventRounds "7"]
[EventCountry "WLS"]

1. d4 Nf6 2. c4 e6 3. Nc3 d5 4. cxd5 exd5 5. Bg5 Be7 6. e3 c6 7. Bd3 Nbd7 8. Qc2 O-O 9. Nge2 Re8 10. O-O Ne4 11. Bf4 Nxc3 12. bxc3 Nf6 13. Ng3 Bd7 14. h3 Qc8 15. Nf5 Bxf5 16. Bxf5 Qd8 17. c4 g6 18. Bd3 Bf8 19. Bg5 Bg7 20. Rae1 Qd7 21. f3 dxc4 22. Bxc4 Nd5 23. Kh1 h6 24. Bxd5 Qxd5 25. Bf4 Re7 26. Qc5 Qxc5 27. dxc5 Rd8 28. Bd6 Red7 29. e4 f6 30. f4 Kf7 31. e5 fxe5 32. fxe5+ Ke6 33. Rf3 b6 34. cxb6 axb6 35. Rb3 Rb7 36. Kh2 Ra8 37. a3 Ra5 38. Rbe3 Rd5 39. R1e2 c5 40. Kg3 Rf7 41. Rb3 Rb7 42. Reb2 Bxe5+ 43. Bxe5 Kxe5 44. Rxb6 Rxb6 45. Rxb6 Rd3+ 46. Kf2 Rxa3 47. Rxg6 c4 48. Ke2 Ke4 49. Re6+ Kf4 50. Rf6+ Kg3 51. Rg6+ 1/2-1/2